Našinec v Oriente cestovatelia zo Slovenska a Čiech v Ázii a Afrike (19. stor.-1. pol. 20. stor.)

Bibliographic Details
Main Author: Bělka, Luboš, 1958- (Author)
Other Authors: Slobodník, Martin, 1970-2019 (Editor)
Format: Book
Language:Slovak
Czech
PhysicalDescription:312 s. fotogr. 21 cm
Published: Bratislava Univerzita Komenského 2009
ISBN:9788022326438 (brož.)
Edition:1. vyd.
Subjects:

MARC

LEADER 00000cam a2200000 a 4500
001 vtls009846650
003 SK-MaSNL
005 20260301222831.0
008 160208s2009 xo o f 100 0dslo
015 |a SNBA2009/10-05311 
020 |a 9788022326438 (brož.) 
035 |a (SVKBBclas03)vtls000314223 
035 |a urn:nbn:sk:snk-amk6kz 
035 |a urn:nbn:sk:snk-am008955 
035 |a 15B3EBD7-1596-4605-929B-B0F8E609183A 
040 |a SNK  |b slo  |c SNK  |e AACR2 
041 0 |a slo  |a cze  |b eng 
043 |a a------  |a f------ 
044 |a xo  |c SK 
072 7 |a 91  |x Geografia ako veda. Výskum. Cestovanie  |2 konspekt 
080 |a 910.4-051  |2 2001 
080 |a 910.4  |2 2001 
080 |a (5)  |2 2001 
080 |a (6)  |2 2001 
080 |a (062.534)  |2 2001 
080 |a (=162.4)  |2 2001 
080 |a (=162.3)  |2 2001 
245 0 0 |a Našinec v Oriente  |b cestovatelia zo Slovenska a Čiech v Ázii a Afrike (19. stor.-1. pol. 20. stor.)  |c editor Martin Slobodník ; [autori Luboš Bělka ... [et al.]] 
250 |a 1. vyd. 
260 |a Bratislava  |b Univerzita Komenského  |c 2009 
300 |a 312 s.  |b fotogr.  |c 21 cm 
366 |e 250 výt. 
500 |a Biogr. údaje 
504 |a Bibliogr. odkazy. Pozn. 
546 |a Čiast. text čes. Res. angl. 
648 7 |a 19.-20. stor., 1. pol.  |2 SNKPH  |9 475053 
650 0 7 |a cestovatelia  |2 SNKPH  |9 58750 
650 0 7 |a Slováci  |2 SNKPH  |9 22552 
650 0 7 |a Česi  |2 SNKPH  |9 24818 
650 0 7 |a cesty a pobyt  |2 SNKPH  |9 3490 
651 7 |a Ázia  |2 SNKPH  |9 28709 
651 7 |a Afrika  |2 SNKPH  |9 17012 
655 7 |a zborníky konferencií  |2 SNKPH  |9 70153 
700 1 |a Slobodník, Martin,  |d 1970-2019  |4 edt  |9 103230 
700 1 |a Bělka, Luboš,  |d 1958-  |4 aut  |9 110646 
919 |a 978-80-223-2643-8 
958 |a NB 
958 |a OND 
968 |d 90 
999 |c 941218  |d 943148 
952 |a SNK  |b SNK  |y PREZ  |7 0  |p 17A0632951  |o snkSC 137328  |i snk2009/17490  |8 0  |0 0  |1 0  |4 0  |d 2009-09-29  |l 0  |r 2025-07-03 00:00:00  |w 2026-02-24 
952 |a SNK  |b SNK  |y VYP  |7 0  |p 17A0632952  |o snkSC 137328 D1  |i snk2009/17491  |8 0  |0 0  |1 0  |4 0  |d 2009-09-29  |f 1  |l 0  |r 2026-02-24 09:18:38  |w 2026-02-24